00410nam a2200193Ia 4500003000900000008004100009040001300050040001300063041000800076100001900084245003500103250001100138260001000149260000900159300001100168300001000179490001900189490000800208IT-RoPAU120407s9999 xx 000 0 und d aIT-RoPAU cIT-RoPAU aita aHenri de Lubac aAlla ricerca di un uomo nuovo. aTorino aBorla c1964 a125 p. c21 cm aIdee e la vita v112